<?xml version="1.0" encoding="UTF-8"?>
<record
    xmlns:xsi="http://www.w3.org/2001/XMLSchema-instance"
    xsi:schemaLocation="http://www.loc.gov/MARC21/slim http://www.loc.gov/standards/marcxml/schema/MARC21slim.xsd"
    xmlns="http://www.loc.gov/MARC21/slim">

  <leader>01255nam a22002657a 4500</leader>
  <controlfield tag="003">DO-SdBNP</controlfield>
  <controlfield tag="005">20210830104818.0</controlfield>
  <controlfield tag="007">ta</controlfield>
  <controlfield tag="008">210830e2018    dr a|||gr|||| 001 edspa d</controlfield>
  <datafield tag="020" ind1=" " ind2=" ">
    <subfield code="a">9789945908022 (tapa r&#xFA;stica)</subfield>
  </datafield>
  <datafield tag="020" ind1=" " ind2=" ">
    <subfield code="a">9789945908015 (tapa dura).</subfield>
  </datafield>
  <datafield tag="040" ind1=" " ind2=" ">
    <subfield code="a">DO-SdBNP</subfield>
    <subfield code="b">spa</subfield>
    <subfield code="c">BNPHU</subfield>
  </datafield>
  <datafield tag="041" ind1=" " ind2=" ">
    <subfield code="h">spa</subfield>
  </datafield>
  <datafield tag="082" ind1=" " ind2=" ">
    <subfield code="b">M671t</subfield>
  </datafield>
  <datafield tag="100" ind1="1" ind2=" ">
    <subfield code="9">40026</subfield>
    <subfield code="a">Mirabal Rosario,Yoselman Rodwin,</subfield>
    <subfield code="d">1969-</subfield>
  </datafield>
  <datafield tag="245" ind1="1" ind2="3">
    <subfield code="a">Teolog&#xED;a pentecostal:</subfield>
    <subfield code="b">una perspectiva acad&#xE9;mica /</subfield>
    <subfield code="c">Yoselman R. Mirabal; Eduardo Leonardo Pi&#xF1;a Mateo, pr&#xF3;l.</subfield>
  </datafield>
  <datafield tag="260" ind1=" " ind2=" ">
    <subfield code="a">Santo Domingo :</subfield>
    <subfield code="b">Editora la Uni&#xF3;n,</subfield>
    <subfield code="c">2018</subfield>
  </datafield>
  <datafield tag="300" ind1=" " ind2=" ">
    <subfield code="a">248 p.:</subfield>
    <subfield code="b">il., fotogr.;</subfield>
    <subfield code="c">22 cm.</subfield>
  </datafield>
  <datafield tag="500" ind1=" " ind2=" ">
    <subfield code="a">Incluye biograf&#xED;a del autor en la solapa.</subfield>
  </datafield>
  <datafield tag="504" ind1=" " ind2=" ">
    <subfield code="a">bibliograf&#xED;a, p. 245-246</subfield>
  </datafield>
  <datafield tag="505" ind1="0" ind2="0">
    <subfield code="t">Cap&#xED;tulo I. Conceptuaci&#xF3;n.--</subfield>
    <subfield code="t">Cap&#xED;tulo II. Origen, evoluci&#xF3;n y situaci&#xF3;n actual del pentecostalismo.--</subfield>
    <subfield code="t">Cap&#xED;tulo III. Unci&#xF3;n o conocimiento: La gran dicotom&#xED;a entre los pentecostales.--</subfield>
    <subfield code="t">Cap&#xED;tulo IV. Doctrinas b&#xE1;sicas de los pentecostales.--</subfield>
    <subfield code="t">Cap&#xED;tulo V. Creencias, dogmas y tab&#xFA;es pentecostales.--</subfield>
    <subfield code="t">Cap&#xED;tulo VI. Desaf&#xED;os actuales de la iglesia pentecostal.--</subfield>
  </datafield>
  <datafield tag="590" ind1=" " ind2=" ">
    <subfield code="a">Inventariado 2021 / MF</subfield>
  </datafield>
  <datafield tag="700" ind1="1" ind2="2">
    <subfield code="a">Pi&#xF1;a Mateo, Eduardo Leonardo </subfield>
    <subfield code="e">pr&#xF3;l.</subfield>
    <subfield code="9">79623</subfield>
  </datafield>
  <datafield tag="942" ind1=" " ind2=" ">
    <subfield code="2">ddc</subfield>
    <subfield code="c">LBS1</subfield>
  </datafield>
  <datafield tag="952" ind1=" " ind2=" ">
    <subfield code="0">0</subfield>
    <subfield code="1">0</subfield>
    <subfield code="2">ddc</subfield>
    <subfield code="5">1</subfield>
    <subfield code="7">0</subfield>
    <subfield code="8">PD</subfield>
    <subfield code="a">BNPHU</subfield>
    <subfield code="b">PD</subfield>
    <subfield code="c">HD</subfield>
    <subfield code="d">2018-05-02</subfield>
    <subfield code="e">Dep&#xF3;sito legal</subfield>
    <subfield code="l">0</subfield>
    <subfield code="o">M671t</subfield>
    <subfield code="p">2021-25815</subfield>
    <subfield code="r">2021-08-30</subfield>
    <subfield code="w">2021-08-30</subfield>
    <subfield code="y">LFPD</subfield>
  </datafield>
  <datafield tag="952" ind1=" " ind2=" ">
    <subfield code="0">0</subfield>
    <subfield code="1">0</subfield>
    <subfield code="2">ddc</subfield>
    <subfield code="5">1</subfield>
    <subfield code="7">0</subfield>
    <subfield code="8">PD</subfield>
    <subfield code="a">BNPHU</subfield>
    <subfield code="b">PD</subfield>
    <subfield code="c">HD</subfield>
    <subfield code="d">2018-05-02</subfield>
    <subfield code="l">0</subfield>
    <subfield code="o">M671t</subfield>
    <subfield code="p">2021-25816</subfield>
    <subfield code="r">2021-08-30</subfield>
    <subfield code="t">e.2</subfield>
    <subfield code="w">2021-08-30</subfield>
    <subfield code="y">LFPD</subfield>
  </datafield>
  <datafield tag="952" ind1=" " ind2=" ">
    <subfield code="0">0</subfield>
    <subfield code="1">0</subfield>
    <subfield code="2">ddc</subfield>
    <subfield code="5">6</subfield>
    <subfield code="7">0</subfield>
    <subfield code="8">DS</subfield>
    <subfield code="a">BNPHU</subfield>
    <subfield code="b">GR</subfield>
    <subfield code="c">HD</subfield>
    <subfield code="d">2018-05-02</subfield>
    <subfield code="e">Dep&#xF3;sito legal</subfield>
    <subfield code="l">0</subfield>
    <subfield code="o">M671t</subfield>
    <subfield code="p">2021-25817</subfield>
    <subfield code="r">2021-08-30</subfield>
    <subfield code="t">e.3</subfield>
    <subfield code="w">2021-08-30</subfield>
    <subfield code="y">LFDS</subfield>
  </datafield>
  <datafield tag="999" ind1=" " ind2=" ">
    <subfield code="c">50318</subfield>
    <subfield code="d">50318</subfield>
  </datafield>
</record>
